Sử ký Tư Mã Thiên

Sách viết về lịch sử Trung Hoa cổ đại thời Hán Vũ Đế do nhà sử học Tư Mã Thiên ghi lại trong suốt thời kỳ làm quan thái sử

Wedi'i Gadw mewn:
Manylion Llyfryddiaeth
Prif Awdur: Tư, Mã Thiên
Fformat: Llyfr
Iaith:Undetermined
Cyhoeddwyd: Hà Nội Văn Học 1999
Tagiau: Ychwanegu Tag
Dim Tagiau, Byddwch y cyntaf i dagio'r cofnod hwn!
Thư viện lưu trữ: Trung tâm Học liệu Trường Đại học Cần Thơ
LEADER 00659nam a2200169Ia 4500
001 CTU_35740
008 210402s9999 xx 000 0 und d
082 |a 931.04 
082 |b Th305 
100 |a Tư, Mã Thiên 
245 0 |a Sử ký Tư Mã Thiên 
245 0 |c Tư Mã Thiên ; Dịch giả: Phan Ngọc 
260 |a Hà Nội 
260 |b Văn Học 
260 |c 1999 
520 |a Sách viết về lịch sử Trung Hoa cổ đại thời Hán Vũ Đế do nhà sử học Tư Mã Thiên ghi lại trong suốt thời kỳ làm quan thái sử 
980 |a Trung tâm Học liệu Trường Đại học Cần Thơ